À l'ombre du grand baobab
Saved in:
| Other Authors: | , , , , , , , , , |
|---|---|
| Format: | Audio |
| Language: | Bambara |
| Published: |
France :
Buda Records,
[2010]
|
| Series: | Musique du monde.
|
| Subjects: | |
| Tags: |
Add Tag
No Tags, Be the first to tag this record!
|
| LEADER | 02941cjm a2200637 a 4500 | ||
|---|---|---|---|
| 001 | 014456796-2 | ||
| 005 | 20151104180201.0 | ||
| 008 | 130729s2010 fr fmnn dfi n bam d | ||
| 010 | |a 2013622400 | ||
| 024 | 3 | |a 0602527536125 | |
| 024 | 1 | |a 602527536125 | |
| 024 | 7 | |a 00602527536125 |2 gtin-14 | |
| 028 | 0 | 2 | |a 2753612 |b Buda Records |
| 033 | 0 | |a 201007-- |b 5834 |c M815 | |
| 035 | 0 | |a ocn733049658 | |
| 040 | |a HT# |b eng |c HT# |d DLC |d CLETH |d CGU |d RBN |d BTCTA |d TDF |d TEF |d OCLCF |d UIU |d HMU | ||
| 041 | 0 | |d bam |e eng |e fre |n bam |g eng |g fre | |
| 042 | |a lccopycat | ||
| 043 | |a f-ml--- | ||
| 050 | 1 | 4 | |a M1838.M3418.D36 |b A15 2010 |
| 100 | 1 | |a Damba, Mah. |4 prf | |
| 245 | 1 | 0 | |a À l'ombre du grand baobab |h [sound recording] / |c Mah Damba. |
| 246 | 1 | |i Container title: |a Mali : |b in the shade of the great baobab | |
| 260 | |a France : |b Buda Records, |c [2010] | ||
| 300 | |a 1 sound disc : |b digital ; |c 4 3/4 in. | ||
| 306 | |a 010138 | ||
| 490 | 1 | |a Musique du monde = Music from the world | |
| 500 | |a Traditional songs and music. | ||
| 546 | |a Sung in Bambara. | ||
| 511 | 0 | |a Mah Damba, vocals ; Jean-Jacques Avenel, double bass ; Mamadou Diabaté, ngoni ; Guimba Kouyaté, guitar ; Mado Sacko, djembe ; Silima Sakoné, bass ngoni ; Yacouba Sissoko, tama, dundun, guitar ; Makan Tounkara, ngoni ; Sira Tounkara, vocals ; Woridio Tounkara, vocals. | |
| 518 | |a Recorded in July 2010, at Studio Big Wheels, Montreuil, France. | ||
| 500 | |a "Mah Damba is a jeli muso, a griot, the daughter of the late Jeli Baba Sissoko, acknowledged by his peers as the 'chief of the Malian jelis' in the 1990s (he passed away in 2001), and the niece of Fanta Damba, the best-renowned female griot in 20th century Mali"--Insert. | ||
| 500 | |a This album is dedicated to the memory of her recently-deceased husband, ngoni and guitar player Mamaye Kouyaté. | ||
| 500 | |a Compact disc. | ||
| 500 | |a Program notes and song texts in French and English (15 p. : ill.) inserted in container. | ||
| 505 | 0 | 0 | |t Jòni massa dio |g (3:50) -- |t Taara ka n to |g (5:04) -- |t Sira jan kòrò |g (5:49) -- |t Kulo bè bò |g (3:53) -- |t Coolo |g (4:31) -- |t Jòlen |g (5:24) -- |t Jugu tè maa la |g (4:45) -- |t Jeli Baba |g (1:35) -- |t Mali gundo |g (6:09) -- |t Ni i ye n sònnin fò |g (2:53) -- |t Taama bannen |g (6:31) -- |t Baba |g (3:49) -- |t Sògòma |g (3:57) -- |t Amadu o juma |g (3:20). |
| 650 | 0 | |a Folk songs, Bambara |z Mali. | |
| 650 | 0 | |a Folk music |z Mali. | |
| 650 | 0 | |a Griots |z Mali |v Music. | |
| 650 | 7 | |a Folk music. |2 fast | |
| 650 | 7 | |a Griots. |2 fast | |
| 651 | 7 | |a Mali. |2 fast | |
| 655 | 7 | |a Music. |2 fast | |
| 700 | 1 | |a Avenel, Jean Jacques. | |
| 700 | 1 | |a Diabate, Mamadou, |d 1975- | |
| 700 | 1 | |a Kouyate, Guimba. | |
| 700 | 1 | |a Sacko, Mado. | |
| 700 | 1 | |a Sakone, Silima. | |
| 700 | 1 | |a Sissoko, Yacouba. | |
| 700 | 1 | |a Tounkara, Makan. | |
| 700 | 1 | |a Tounkara, Sira. | |
| 700 | 1 | |a Tounkara, Woridio. | |
| 830 | 0 | |a Musique du monde. | |
| 988 | |a 20150814 | ||
| 049 | |a HMUU | ||
| 906 | |0 MH | ||


